000 00388nam a22001577a 4500
003 MPLRDC
005 20220104144050.0
008 210129b ||||| |||| 00| 0 eng d
082 _a947.413 QSGC v.14 c.2
100 _a青山刚昌
245 _a名侦探柯南. 14
_c
260 _a
_b天下出版社
_c
300 _b
650 _a侦探漫画
942 _cBK
_o947.413 QSGC v.14 c.2
999 _c46034
_d46024